<?xml version="1.0" encoding="UTF-8"?>
<record
    xmlns:xsi="http://www.w3.org/2001/XMLSchema-instance"
    xsi:schemaLocation="http://www.loc.gov/MARC21/slim http://www.loc.gov/standards/marcxml/schema/MARC21slim.xsd"
    xmlns="http://www.loc.gov/MARC21/slim">

  <leader>03221nam a2200433 i 4500</leader>
  <controlfield tag="003">AGN</controlfield>
  <controlfield tag="005">20260520160041.0</controlfield>
  <controlfield tag="007">ta</controlfield>
  <controlfield tag="008">260520e20172025dr ad||gro||||||  |bspa d|spa| </controlfield>
  <datafield tag="010" ind1=" " ind2=" ">
    <subfield code="a">2025</subfield>
  </datafield>
  <datafield tag="011" ind1=" " ind2=" ">
    <subfield code="a">     </subfield>
  </datafield>
  <datafield tag="020" ind1=" " ind2=" ">
    <subfield code="a">9789945251326.</subfield>
  </datafield>
  <datafield tag="020" ind1=" " ind2=" ">
    <subfield code="a">9789945251333.</subfield>
  </datafield>
  <datafield tag="040" ind1=" " ind2=" ">
    <subfield code="a">AGN</subfield>
    <subfield code="b">spa</subfield>
    <subfield code="c">DO-SdBNP</subfield>
    <subfield code="e">rda</subfield>
  </datafield>
  <datafield tag="041" ind1=" " ind2=" ">
    <subfield code="a">spa</subfield>
  </datafield>
  <datafield tag="082" ind1=" " ind2=" ">
    <subfield code="a">RD 306.74097293 </subfield>
    <subfield code="2">P966T 2025</subfield>
    <subfield code="b">2025</subfield>
  </datafield>
  <datafield tag="245" ind1=" " ind2=" ">
    <subfield code="a">La prostituci&#xF3;n en Rep&#xFA;blica Dominicana durante la primera mitad del siglo XX : </subfield>
    <subfield code="c">compilaci&#xF3;n de documentos / </subfield>
    <subfield code="b">coordinadora Leticia Bel&#xE9;n Trejo Rosales. [y otros cuatro].</subfield>
  </datafield>
  <datafield tag="264" ind1=" " ind2=" ">
    <subfield code="a">Santo Domingo, Rep&#xFA;blica Dominicana :</subfield>
    <subfield code="b">Archivo General de la Naci&#xF3;n, </subfield>
    <subfield code="c">2025.</subfield>
  </datafield>
  <datafield tag="300" ind1=" " ind2=" ">
    <subfield code="a">1 tomo : </subfield>
    <subfield code="b">ilustraciones, gr&#xE1;ficas ; </subfield>
    <subfield code="c">25.5 x 18 cm.</subfield>
  </datafield>
  <datafield tag="336" ind1=" " ind2=" ">
    <subfield code="a">texto</subfield>
    <subfield code="b">txt </subfield>
    <subfield code="2">rdacontent</subfield>
  </datafield>
  <datafield tag="337" ind1=" " ind2=" ">
    <subfield code="a">sin mediaci&#xF3;n </subfield>
    <subfield code="b">n</subfield>
    <subfield code="2">rdamedia</subfield>
  </datafield>
  <datafield tag="338" ind1=" " ind2=" ">
    <subfield code="a">volumen </subfield>
    <subfield code="b">nc </subfield>
    <subfield code="2">rdacarrier</subfield>
  </datafield>
  <datafield tag="490" ind1="1" ind2=" ">
    <subfield code="a">Archivo General de la Naci&#xF3;n ; </subfield>
    <subfield code="v">vol&#xFA;menes 516.</subfield>
  </datafield>
  <datafield tag="500" ind1=" " ind2=" ">
    <subfield code="a">Incluye una peque&#xF1;a biograf&#xED;a de la autora en la solapa.</subfield>
  </datafield>
  <datafield tag="505" ind1=" " ind2=" ">
    <subfield code="a">Tomo I : Presentaci&#xF3;n 9 -- Introducci&#xF3;n 11 -- 1. Prostituci&#xF3;n estatalmente regulada 21 --  1.1 Higienismo norteamericano 23 -- 1.2 La prostituci&#xF3;n como asunto de Salud P&#xFA;blica 97 -- 1.2.1 Profilaxis social 99 --  1.2.2 Dar&#xED;o Contreras 149 --  1.3 Prostituci&#xF3;n: &#xBF;origen de las enfermedades ven&#xE9;reas? 167 --  1.3.1 Actas por ejercicio de la prostituci&#xF3;n clandestina 197 -- 1.3.2 M&#xE9;todos para tratar las enfermedades ven&#xE9;reas 211 -- 1.3.2.1 C&#xF3;digo de procedimiento sanitario, a&#xF1;o 1920 213 -- 1.3.2.2 C&#xF3;digo de procedimiento sanitario, a&#xF1;o 1938 219 --  1.3.2.3 Ex&#xE1;menes a prostitutas 225 -- 1.3.3 Tarjetas de salud 237 --  1.4 Persecuci&#xF3;n Policial 241 -- 2. Cartograf&#xED;a de la moral 257 --  2.1 Cartograf&#xED;a de la moral 259 -- 2.2 Migraci&#xF3;n del campo a la ciudad y conformaci&#xF3;n de la ciudad 337 -- 2.2.1 Trabajadoras dom&#xE9;sticas 339 -- 2.2.2 Reformatorios 349 --  2.2.3 Cosechas 373 -- 2.2.4 Mujeres de procedencia campesina: menores y mayores de edad 405 -- 2.3 Zona de tolerancia 421 -- 2.3.1 Zona de tolerancia 423 -- 2.3.2 Clausura de establecimientos 447 -- 2.3.3 Moralizaci&#xF3;n de la ciudad: Expulsi&#xF3;n de mujeres que ejercen la prostituci&#xF3;n 461</subfield>
  </datafield>
  <datafield tag="590" ind1=" " ind2=" ">
    <subfield code="a">Inventariado, 2026/WG.</subfield>
  </datafield>
  <datafield tag="650" ind1=" " ind2=" ">
    <subfield code="9">83978</subfield>
    <subfield code="a">Prostituci&#xF3;n</subfield>
    <subfield code="z">Rep&#xFA;blica Dominicana</subfield>
  </datafield>
  <datafield tag="650" ind1=" " ind2=" ">
    <subfield code="9">83979</subfield>
    <subfield code="a">Prostituci&#xF3;n</subfield>
    <subfield code="x">Historia</subfield>
    <subfield code="z">Rep&#xFA;blica Dominicana</subfield>
  </datafield>
  <datafield tag="650" ind1=" " ind2=" ">
    <subfield code="9">83980</subfield>
    <subfield code="a">Prostituci&#xF3;n </subfield>
    <subfield code="x">Enfoque sociocultural</subfield>
  </datafield>
  <datafield tag="700" ind1=" " ind2=" ">
    <subfield code="9">83983</subfield>
    <subfield code="a">Trejo Rosales, Leticia Bel&#xE9;n </subfield>
    <subfield code="e">coordinadora</subfield>
  </datafield>
  <datafield tag="700" ind1=" " ind2=" ">
    <subfield code="a">V&#xE1;squez Sena, Jorge Douglas </subfield>
    <subfield code="e">auxiliar de investigaci&#xF3;n</subfield>
    <subfield code="9">89679</subfield>
  </datafield>
  <datafield tag="700" ind1=" " ind2=" ">
    <subfield code="a">Corpor&#xE1;n, Mar&#xED;a </subfield>
    <subfield code="e">auxiliar de investigaci&#xF3;n</subfield>
    <subfield code="9">89680</subfield>
  </datafield>
  <datafield tag="700" ind1=" " ind2=" ">
    <subfield code="a">Fern&#xE1;ndez V&#xE1;squez, Yahaira </subfield>
    <subfield code="e">diagramaci&#xF3;n </subfield>
    <subfield code="e">dise&#xF1;o de portada</subfield>
    <subfield code="9">99113</subfield>
  </datafield>
  <datafield tag="710" ind1=" " ind2=" ">
    <subfield code="a">&#xC1;rea de Publicaciones </subfield>
    <subfield code="e">cuidado de la edici&#xF3;n</subfield>
    <subfield code="9">89658</subfield>
  </datafield>
  <datafield tag="830" ind1=" " ind2="0">
    <subfield code="a">Archivo General de la Naci&#xF3;n ; </subfield>
    <subfield code="9">89681</subfield>
    <subfield code="v">vol&#xFA;menes 516.</subfield>
  </datafield>
  <datafield tag="856" ind1=" " ind2=" ">
    <subfield code="u">https://colecciones.agn.gob.do/opac/ficha.php?informatico=00280978PI&amp;codopac=OP003&amp;idpag=2057305456&amp;presenta=digitaly2p#viajeinicial</subfield>
    <subfield code="y">Tomo I</subfield>
  </datafield>
  <datafield tag="856" ind1=" " ind2=" ">
    <subfield code="u">https://colecciones.agn.gob.do/opac/ficha.php?informatico=00280979PI&amp;codopac=OP003&amp;idpag=340304105&amp;presenta=digitaly2p#viajeinicial</subfield>
    <subfield code="y">Tomo II</subfield>
  </datafield>
  <datafield tag="942" ind1=" " ind2=" ">
    <subfield code="2">ddc</subfield>
    <subfield code="c">LBS1</subfield>
  </datafield>
  <datafield tag="952" ind1=" " ind2=" ">
    <subfield code="0">0</subfield>
    <subfield code="1">0</subfield>
    <subfield code="2">ddc</subfield>
    <subfield code="5">1</subfield>
    <subfield code="7">0</subfield>
    <subfield code="8">PD</subfield>
    <subfield code="a">BNPHU</subfield>
    <subfield code="b">BNPHU</subfield>
    <subfield code="c">CT</subfield>
    <subfield code="d">2026-05-20</subfield>
    <subfield code="l">0</subfield>
    <subfield code="o">RD 306.74097293 P966T 2025</subfield>
    <subfield code="p">2026-4402</subfield>
    <subfield code="r">2026-05-20</subfield>
    <subfield code="w">2026-05-20</subfield>
    <subfield code="y">LBS1</subfield>
  </datafield>
  <datafield tag="952" ind1=" " ind2=" ">
    <subfield code="0">0</subfield>
    <subfield code="1">0</subfield>
    <subfield code="2">ddc</subfield>
    <subfield code="5">1</subfield>
    <subfield code="7">0</subfield>
    <subfield code="8">PD</subfield>
    <subfield code="a">BNPHU</subfield>
    <subfield code="b">BNPHU</subfield>
    <subfield code="c">CT</subfield>
    <subfield code="d">2026-05-20</subfield>
    <subfield code="l">0</subfield>
    <subfield code="o">RD 306.74097293 P966T 2025</subfield>
    <subfield code="p">2026-4403</subfield>
    <subfield code="r">2026-05-20</subfield>
    <subfield code="t">e.2</subfield>
    <subfield code="w">2026-05-20</subfield>
    <subfield code="y">LBS1</subfield>
  </datafield>
  <datafield tag="952" ind1=" " ind2=" ">
    <subfield code="0">0</subfield>
    <subfield code="1">0</subfield>
    <subfield code="2">ddc</subfield>
    <subfield code="5">1</subfield>
    <subfield code="7">0</subfield>
    <subfield code="8">PD</subfield>
    <subfield code="a">BNPHU</subfield>
    <subfield code="b">BNPHU</subfield>
    <subfield code="c">CT</subfield>
    <subfield code="d">2026-05-20</subfield>
    <subfield code="l">0</subfield>
    <subfield code="o">RD 306.74097293 P966T 2025</subfield>
    <subfield code="p">2026-4404</subfield>
    <subfield code="r">2026-05-20</subfield>
    <subfield code="t">e.3</subfield>
    <subfield code="w">2026-05-20</subfield>
    <subfield code="y">LBS1</subfield>
  </datafield>
  <datafield tag="999" ind1=" " ind2=" ">
    <subfield code="c">60797</subfield>
    <subfield code="d">60797</subfield>
  </datafield>
</record>
